Central Library OPAC University of Rajshahi

শিল্পতত্ত্ব-পরিচয় / (Record no. 41279)

MARC details
000 -LEADER
fixed length control field 00814nam a2200229 a 4500
001 - CONTROL NUMBER
control field 41279
003 - CONTROL NUMBER IDENTIFIER
rucl marc code BD-RjUL
005 - DATE AND TIME OF LATEST TRANSACTION
control field 20250826161020.0
008 - FIXED-LENGTH DATA ELEMENTS--GENERAL INFORMATION
fixed length control field 160528s2004 ii ||||| |||| 00| 0 ben d
020 ## - INTERNATIONAL STANDARD BOOK NUMBER
Terms of availability : IRs 100.00
035 ## - SYSTEM CONTROL NUMBER
System control number (BD-RjUL)41396
040 ## - CATALOGING SOURCE
Original cataloging agency BD-RjUL
Language of cataloging ben
Transcribing agency BD-RjUL
041 ## - LANGUAGE CODE
Language code of text/sound track or separate title ben
082 ## - DEWEY DECIMAL CLASSIFICATION NUMBER
Edition number 23
Classification number 111.85
Author mark and year BHS 2004
100 ## - MAIN ENTRY--PERSONAL NAME
Personal name ভট্রাচার্য, সাধনকুমার
9 (RLIN) 124709
245 10 - TITLE STATEMENT
Title শিল্পতত্ত্ব-পরিচয় /
Statement of responsibility, etc. সাধনকুমার ভট্রাচার্য
260 ## - PUBLICATION, DISTRIBUTION, ETC. (IMPRINT)
Place of publication, distribution, etc. কলকাতা :
Name of publisher, distributor, etc. দে'জ পাবলিশিং,
Date of publication, distribution, etc. ২০০৪
300 ## - PHYSICAL DESCRIPTION
Pagination ১৯২ পৃ. ;
Size ২১ সেমি.
650 ## - SUBJECT ADDED ENTRY--TOPICAL TERM
Topical term or geographic name as entry element নান্দনিক
9 (RLIN) 126982
Topical term or geographic name as entry element Aesthetics
9 (RLIN) 124124
942 ## - ADDED ENTRY ELEMENTS (KOHA)
Source of classification or shelving scheme Dewey Decimal Classification
Koha item type Books
Holdings
Lost status Source of classification or shelving scheme Damaged status Not for loan Collection code Permanent Location Current Location Shelving location Date acquired Source of acquisition Cost, normal purchase price Total Checkouts Full call number Date last seen Date checked out Copy number Koha item type
  Dewey Decimal Classification     Non-fiction Central Library, University of Rajshahi Central Library, University of Rajshahi   13/05/2008 Dhaka : Paragon Enterprise 100.00 4 B 111.85 BHS 2004 11/11/2025 27/10/2025 C-2 Books
  Dewey Decimal Classification     Non-fiction Central Library, University of Rajshahi Central Library, University of Rajshahi   13/05/2008 Dhaka : Paragon Enterprise 100.00 6 B 111.85 BHS 2004 17/10/2024 07/10/2024 C-3 Books
  Dewey Decimal Classification   Not For Loan Non-fiction Central Library, University of Rajshahi Central Library, University of Rajshahi Reading Room 13/05/2008 Paragogn Enterprise, Dhaka 100.00   B 111.85 BHS 2004 07/03/2018   C-7 Books